01158nas a2200325 4500001001000000003000900010005001700019007000300036008003400039040005400073041000900127072000800136100001600144100001900160100002100179100002200200100001700222100002100239245015700260650001800417650001400435650001400449650000900463650001800472773010900490909004000599942001800639999001900657952015600676BR9500187BR-BrBNA20231205093819.0ta230509b bl.|||p| |||| 00| 00por d aBR-BrBNAbporcBiblioteca Nacional de Agricultura a(Pt) aL731 aViana, J.G.1 aFialho, S.A.G.1 aSantos, M.N. dos1 aBarros, C.S.L. de1 aRaiser, A.G.1 aSilva, D.O.S. da1 aAvaliacoes da prevalencia, do diagnostico e do tratamento cirugico de lesoes cancerosas da regiao ocular em bovinos das racas hereford e polled hereford aGado de Corte aNeoplasia aCarcinoma aAlho aDoenca Animal0 tPesquisa Agropecuaria Brasileira (Brazil)xISSN 0100-204Xg(Oct 1992), v. 27(10) p. 1397-1404wBR9500187 a202311bLúciac55dLúcia Elande 2AGRISn0cANA c140526d140526 002AGRIS4071a41918b41918cPeriódicos Agrícolash(Oct 1992), v. 27(10) p. 1397-1404l0r2023-11-29t01yCRePortaria Interministerial nº 164/94